| 000 | 00523nam a2200217Ia 4500 | ||
|---|---|---|---|
| 003 | LK-CoDNM | ||
| 005 | 20240925150256.0 | ||
| 008 | 010623t1887 xxu||||| |||| 00| 1 eng d | ||
| 040 |
_aLK-CoDNM _dLK-CoDNM _eLK-CoDNM |
||
| 041 | _aeng | ||
| 080 |
_a22 _bE26 |
||
| 100 | _aFerguson, A.M. J. | ||
| 245 | _aSummary of Information Regarding Ceylon | ||
| 260 |
_bTruber Co. _aLondon _c1887 |
||
| 300 | _b26p. ; 19 cm | ||
| 650 | _aAgriculture | ||
| 650 | _aClimate | ||
| 650 | _aLaw | ||
| 650 | _aRegion | ||
| 942 | _cBK | ||
| 999 |
_c82804 _d82804 |
||